000 00442nam a2200169Ia 4500
003 GCL
008 140319s9999 xx 000 0 eng d
040 _aGCL /
_cGCL
082 0 4 _a940.18
_bR F
100 1 _aRUNCIMAN, SIR S.
245 1 0 _aTHE FIRST CRUSADE /
_cRUNCIMAN, SIR S.
260 _a[S.N] :
_bCAMBRIBGE UNIVERSITY PRESS ،
_c1992
300 _a193 P
650 0 4 _aCRUSADES
650 0 4 _aHISTORY OF THE CRUSADES
942 _2ddc
_cBK
999 _c17525
_d17525